Cómo leer pinturas (Registro nro. 324632)

Detalles MARC
000 -ENCABEZADO
Número de control [NR] 00695nam a22001937a 4500
005 - FECHA Y HORA DE LA ÚLTIMA TRANSACCIÓN
control field 20240902091355.0
008 - DE LONGITUD FIJA DE DATOS DE ELEMENTOS - INFORMACIÓN GENERAL
Elementos de longitud fija [NR] 240902t ||||| |||| 00| 0 spa d
020 ## - NUMERO INTERNACIONAL NORMALIZADO PARA LIBROS [R]
Número Internacional Normalizado del libro [NR] 9788496669895
040 ## - FUENTE DE CATALOGACION [NR]
Agencia de catalogación original [NR] CO-BoUCM
Quien Cataloga David Moreno
Quien Clasifica David Moreno
041 ## - CODIGO DE IDIOMA [R]
Código de idioma para texto/pista de sonido o título separado [R] Español
100 1# - ASIENTO PRINCIPAL--NOMBRE PERSONAL [NR]
Nombre personal [NR] Rideal, Liz
Fechas asociadas con el nombre [NR] 1954-
ID Autoridad 182437
245 10 - MENCION DE TITULO [NR]
Título [NR] Cómo leer pinturas
Parte restante del título [NR] una guía sobre sus significados y métodos
Mención de responsabilidad, etc. [NR] Liz Rideal
260 ## - PUBLICACION, DISTRIBUCION, ETC. (PIE DE IMPRENTA) [R]
Lugar de publicación, distribución, etc. [R] Tres Cantos, Madrid
Nombre del editor, distribuidor, etc. [R] H. Blume
Fecha de publicación, distribución, etc. [R] 2014
300 ## - DESCRIPCION FISICA [R]
Extensión [R] 255 Paginas
Otros detalles físicos [NR] ilustraciones a color
650 14 - ASIENTO SECUNDARIO DE MATERIA - TERMINO TEMATICO [R]
Término temático o nombre geográfico como elemento de entrada [NR] Pintura
Subdivisión general [R] Interpretación
9 (RLIN) 182438
700 1# - ASIENTO SECUNDARIO - NOMBRE PERSONAL [R]
Nombre personal [NR] Espino Nuño, Jesús
Término de relación [R] traductor
9 (RLIN) 165089
942 ## - ELEMENTOS DE ENTRADA AGREGADOS (KOHA)
Sistema de clasificación DEWEY
Tema principal Arte
Tipo de ítem principal el descrito en 300a Libro
Edición 1
Clasificación 701.18
Parte restante de la signatura top. R544c
Título oculto en OPAC No
Existencias
Fecha de último préstamo Total préstamos Total Renewals Signatura topográfica Código de barras Última vez visto Ejemplar Price effective from Tipo de ítem Perdido Sistema de clasificación Dañado No prestable Tipo de ítem específico Suprimido Ubicación habitual Ubicación actual Localización Fecha de creación Forma de adquisición Costo
27/03/2026 6 15 701.18 R544c 100173064 30/04/2026 Ej.1 02/09/2024 Libro   DEWEY     Libro   Claustro Claustro 2do piso 02/09/2024 Compra 234564.00